Complete History Of The Soviet Union Arranged To The Melody Of Tetris - Statistics

General Stats
  • This quiz has been taken 27 times
  • The average score is 234 of 650
Answer Stats
Answer % Correct
A
84%
So
68%
The
68%
I
63%
And
58%
Be
58%
Me
58%
Go
53%
In
53%
Then
53%
Us
53%
US
53%
We
53%
What
53%
Who
53%
Am
47%
As
47%
He
47%
It
47%
No
47%
See
47%
Stalin
47%
They
47%
To
47%
Why
47%
All
42%
Is
42%
Lenin
42%
Not
42%
On
42%
One
42%
That
42%
Them
42%
When
42%
Will
42%
World
42%
Can
37%
From
37%
His
37%
Man
37%
Men
37%
Of
37%
People
37%
Red
37%
There
37%
Two
37%
Up
37%
You
37%
Are
32%
Come
32%
Could
32%
For
32%
Free
32%
Get
32%
Have
32%
Like
32%
Moscow
32%
Now
32%
Our
32%
Shall
32%
Should
32%
Socialist
32%
State
32%
Tsar
32%
Unite
32%
War
32%
Work
32%
Workers
32%
Year
32%
Above
26%
Again
26%
Around
26%
At
26%
Away
26%
But
26%
By
26%
Create
26%
Day
26%
Death
26%
Do
26%
Fall
26%
Flags
26%
Himself
26%
I'll
26%
Im
26%
Let
26%
Live
26%
Long
26%
Love
26%
Move
26%
My
26%
Oil
26%
Once
26%
Or
26%
Over
26%
Put
26%
Rise
26%
Square
26%
Star
26%
These
26%
The USSR
26%
They're
26%
Think
26%
This
26%
Upon
26%
Way
26%
We're
26%
Your
26%
After
21%
Arctic
21%
Arrange
21%
Arranges
21%
Arranging
21%
Bleed
21%
Blocks
21%
Bolshevik
21%
Boot
21%
Bourgeoisie
21%
Bread
21%
Came
21%
Care
21%
Cared
21%
Compromise
21%
Continue
21%
Crystal
21%
Dead
21%
Despair
21%
Die
21%
Don't
21%
Dont
21%
Down
21%
Drank
21%
Dry
21%
Easy
21%
Enterprise
21%
Europe
21%
Fit
21%
Five
21%
Forever
21%
Game
21%
Gave
21%
Georgian
21%
Glove
21%
Gorbachev
21%
Got
21%
Ground
21%
Hand
21%
Hard
21%
Hungry
21%
If
21%
Infernal
21%
Keep
21%
Kill
21%
Know
21%
Landlord
21%
Left
21%
Levi's
21%
Line
21%
Lines
21%
Made
21%
Making
21%
McDonald's
21%
Meth
21%
Misjudged
21%
Money
21%
Must
21%
Nazi's
21%
Nudged
21%
Obtain
21%
Old
21%
Peace
21%
Please
21%
Point
21%
Prepare
21%
Putins
21%
Regime
21%
Reject
21%
Say
21%
Seeking
21%
Sing
21%
Soil
21%
Spin
21%
Tanks
21%
Taxman
21%
Tease
21%
Tell
21%
There's
21%
Till
21%
Unfurled
21%
Weeks
21%
Well
21%
Working
21%
Bed
16%
Building
16%
Cold
16%
Collective
16%
Descend
16%
Fine
16%
Food
16%
Foreign
16%
Formed
16%
Frown
16%
Gold
16%
Guns
16%
Home
16%
Kazakhstan
16%
Late
16%
Loaf
16%
Make
16%
Markets
16%
Marxists
16%
Much
16%
Pay
16%
Plan
16%
Play
16%
Putting
16%
Regain
16%
Rule
16%
Salute
16%
Same
16%
Seceding
16%
Seems
16%
Shops
16%
Sickle
16%
Sometimes
16%
Stay
16%
Toil
16%
Town
16%
Tsar's
16%
Under
16%
USA
16%
Wall
16%
Yeltsin
16%
Base
11%
Belongs
11%
Better
11%
Brought
11%
Cause
11%
Choice
11%
Collective
11%
Disappears
11%
Eyes
11%
Feast
11%
Fourtune
11%
Front
11%
Führer
11%
Goes
11%
He'll
11%
Highly
11%
Hip
11%
I've
11%
Loves
11%
Maybe
11%
More
11%
Moscovite
11%
Night
11%
Nuclear
11%
Off
11%
Outer
11%
Plate
11%
Plenty
11%
Pointless
11%
Rows
11%
Secret
11%
Sending
11%
Space
11%
Stalin's
11%
Standing
11%
Start
11%
Tears
11%
Tessellate
11%
Tommorow
11%
Unbroken
11%
We'd
11%
What's
11%
Who'll
11%
Wife
11%
Winter
11%
Words
11%
You're
11%
Each
5%
Hurrah
5%
No matching quizzes found
Score Distribution
Percent of People with Each Score
Percentile by Number Answered
Your Score History
You have not taken this quiz